000 00585nam a2200229 a 4500
999 _c6444
_d6444
001 6444
003 BD-JhCC
005 20180123122229.0
008 180123s ii |||| || | 000 0 eng d
035 _a(BD-JhCC)6444
040 _aBD-JhCC
_dBD-JhCC
041 _aeng
082 _a808.06665
_bMAJ
245 _aCommercial Correspondence /
_cM. Majumdar, M. A.,
250 _a12th ed.
260 _aCalcutta :
_bBookland Private Limited,
300 _a333 p. :
_c18 cm.
650 _aCommercial Correspondence
650 _aBusiness English
942 _2ddc
_cBK